[Event "1st Gujarat GM Open 2018"]
[Site "Ahmedabad"]
[Date "2018.10.06"]
[Round "2"]
[White "Akash G"]
[Black "Mahindrakar Indrajeet"]
[Result "1/2-1/2"]
[WhiteElo "2424"]
[BlackElo "2107"]
[Annotator "TA"]
[PlyCount "87"]
[EventDate "2018.10.05"]
[EventType "swiss"]
[EventCountry "IND"]
[SourceTitle "playchess.com"]
[Source "ChessBase"]
[SourceQuality "1"]

{[%evp 18,87,32,46,45,31,22,20,20,25,34,0,-7,-46,38,-45,-52,-108,0,-174,-177,-198,-200,-182,-179,-194,-180,-210,-203,-233,-196,-347,-325,-316,-208,-201,-195,-254,-266,-301,-197,-170,77,80,89,89,86,48,35,31,55,56,96,62,68,8,182,129,218,223,673,506,822,662,680,493,570,502,570,566,506,471]} 1. e4 e6 2. d4 d5 3. Nc3 dxe4 4. Nxe4 Bd7 5. Nf3 Bc6 6. Bd3 Nd7 7. O-O Ngf6 8. Ng3 Be7 9. Re1 O-O 10. c3 {LiveBook: 68 Games} b5 {C10: French with 3 Nc3: Unusual Black 3rd moves and 3...dxe4} (10... Bd5 11. c4 Bxf3 12. Qxf3 c6 13. Bd2 Re8 14. Bc3 Bf8 15. Rad1 Qc7 16. Bc2 Rad8 17. Re2 a6 18. a4 a5 19. b3 Bb4 20. Bb2 Bf8 21. Ne4 Nxe4 22. Qxe4 {1-0 (100) Demchenko,A (2660)-Zhao,J (2604) Riadh 2017}) 11. Bg5 $146 ({Predecessor:} 11. Qe2 a6 12. Bf4 Bxf3 13. Qxf3 Nd5 14. Nf5 Nxf4 15. Nxe7+ Qxe7 16. Qxf4 c5 17. d5 e5 18. d6 Qxd6 19. Bxh7+ Kxh7 {½-½ (27) Kraemer,M (2546)-Lyrberg,P (2444) Barcelona 2014}) 11... a6 12. Qe2 Bxf3 {The position is equal.} 13. Qxf3 c5 14. Rad1 {Hoping for dxc5.} cxd4 15. Bc2 h6 (15... dxc3 $15 16. bxc3 Qc7) 16. Bxh6 ({White should play} 16. Bh4 $14) 16... gxh6 $15 17. Rxd4 ({White should try} 17. Nh5 $1 $15 Qc7 18. Rxd4) 17... Kg7 {[#]} (17... Re8 $1 $17 {And now ...Qc7 would win.} 18. Nh5 Qc7) 18. Qd3 $2 {[#]} (18. Nf5+ $1 $11 {[%mdl 512]} exf5 19. Qg3+ Kh8 20. Qf4) 18... Rh8 $1 $19 19. Nh5+ Nxh5 20. Rxd7 Qe8 21. Rb7 Rd8 22. Qe3 Rd7 23. Rb6 Rd5 {...Bc5 is the strong threat.} 24. b4 $2 (24. Rb7 {keeps fighting.}) 24... Qc8 25. Bb3 Rg5 26. h4 {[#]} Rg6 $1 27. Qe5+ (27. Bc2 $142 Bd8 28. Rd6) 27... Nf6 28. Bc2 Rg4 29. Bd1 Rc4 $2 (29... h5 $19 {Strongly threatening ...Rd8.} 30. Bf3 Rd8) 30. Qg3+ $16 {[#]} Ng4 $1 {[%mdl 512]} 31. Bxg4 Qc7 {aiming for ...Qxg3.} 32. Qxc7 (32. Re3 {looks sharper.} Qxg3 33. Rxg3 Bxh4 34. Bxe6+ Bxg3 35. Bxc4 Be5 36. Bb3) 32... Rxc7 33. Rxa6 Rxc3 34. Ra7 $36 {[%mdl 2048] White has the initiative.} Re8 35. a3 Bxh4 36. Rxe6 (36. Bxe6 $1 $14 Re7 37. Rxe7 Bxe7 38. Bd7) 36... Rd8 $2 (36... Rc1+ $11 37. Kh2 Bxf2) 37. Re2 (37. Bh5 $18) 37... Kf8 (37... Rd1+ $16 {is a better defense.} 38. Kh2 Bd8) 38. Bh5 $18 f6 $2 (38... Rcd3 39. g3 (39. Bxf7 Rd1+ 40. Kh2 R8d7 $18) 39... R3d5 40. Bxf7 (40. gxh4 Rxh5 41. Ree7 Rf5 $16) 40... R5d7 41. Rxd7 Rxd7) 39. g3 {White is clearly winning.} Bg5 (39... Bxg3 $142 40. fxg3 Rxg3+ 41. Rg2 Rxg2+ 42. Kxg2 Rd5) 40. Kg2 Bc1 41. Re6 Rxa3 42. Rxf6+ Kg8 43. Rb7 Bg5 44. Rff7 {[%mdl 32768] Precision: White = 36%, Black = 43%. . An unexpected result.} 1/2-1/2

[Event "1st Gujarat GM Open 2018"]
[Site "Ahmedabad"]
[Date "2018.10.06"]
[Round "2"]
[White "Fenil, Shah"]
[Black "Kasparova, Tatiana"]
[Result "1-0"]
[WhiteElo "2411"]
[BlackElo "2102"]
[Annotator "TA"]
[PlyCount "73"]
[EventDate "2018.10.05"]
[EventType "swiss"]
[EventCountry "IND"]
[SourceTitle "playchess.com"]
[Source "ChessBase"]
[SourceQuality "1"]

{[%evp 16,73,39,44,52,49,55,45,37,43,55,52,49,18,24,16,43,36,40,26,48,45,41,14,59,49,61,68,62,68,70,74,60,43,35,42,59,44,35,26,103,110,106,104,135,141,156,158,185,171,240,241,399,398,392,366,422,413,399,394]} 1. d4 Nf6 2. Nf3 c5 3. d5 d6 4. Nc3 g6 5. e4 Bg7 6. Be2 O-O 7. O-O e6 8. Bc4 {A43: Schmid Benoni} (8. h3 exd5 9. exd5 Re8 10. Re1 Ne4 11. Nxe4 Rxe4 12. Ng5 Rd4 13. Bd3 c4 14. Qf3 Qf8 15. Bf1 c3 16. bxc3 Ra4 17. Bb5 Bd7 18. Bxa4 Bxa4 19. Ba3 Nd7 20. Qf4 Be5 21. Qxa4 {1-0 (21) Le Roux,J (2554)-Skoberne,J (2553) chess.com INT 2018}) 8... exd5 9. Nxd5 {LiveBook: 4 Games} Nxd5 10. Bxd5 {White is slightly better.} Nc6 11. c3 Be6 $146 ({Predecessor:} 11... Qc7) 12. Bf4 {Bxe6 is the strong threat.} Ne5 13. Bxe5 Bxe5 14. Qb3 Bxd5 15. Qxd5 Qe7 16. Rad1 Rad8 17. a4 Bg7 18. Nd2 {[%cal Bf3d2,Bd2c4,Bc4e3,Be3d5][%mdl 32]} Rfe8 19. Rfe1 {[%cal Bf1e1,Be1e3,Be3d3][%mdl 32]} b6 20. Nc4 {[%cal Rc4d6]} Bf8 21. f3 Qe6 22. Re3 Qd7 23. Ra1 Qc7 24. Rd3 a6 25. Ne3 b5 26. axb5 axb5 27. Qg5 $36 {[%mdl 2048] Hoping for Nd5. White is more active.} Re5 (27... Ra8 $11 {keeps the balance.} 28. Rdd1 Rxa1 29. Rxa1 Bg7) 28. Nd5 $16 Rxg5 29. Nxc7 c4 30. Rdd1 Rc5 31. Nd5 Bg7 32. Ra7 Bf8 (32... Rb8 $142 33. Ne7+ Kh8 34. Rxd6 Bh6) 33. Rda1 $18 Rb8 $2 {[#]} (33... Rcc8 {was called for.} 34. Kf2 h5) 34. Nf6+ Kg7 35. Nd7 $1 {[%csl LRb8,LRc5]} Rcc8 36. Nxb8 Rxb8 37. Rc7 {Precision: White = 71%, Black = 47%.} 1-0

[Event "1st Gujarat GM Open 2018"]
[Site "Ahmedabad"]
[Date "2018.10.06"]
[Round "2"]
[White "Arjun Kalyan"]
[Black "Subhayan Kundu"]
[Result "1/2-1/2"]
[WhiteElo "2408"]
[BlackElo "2093"]
[Annotator "TA"]
[PlyCount "130"]
[EventDate "2018.10.05"]
[EventType "swiss"]
[EventCountry "IND"]
[SourceTitle "playchess.com"]
[Source "ChessBase"]
[SourceQuality "1"]

{[%evp 24,130,0,-8,13,-10,29,29,47,27,38,52,50,47,53,0,0,0,0,-13,-4,-52,0,0,0,0,0,0,0,-18,39,22,36,0,0,0,86,80,78,82,87,73,114,37,52,8,4,0,0,0,0,0,16,18,14,8,8,0,0,0,0,0,60,63,62,0,0,0,0,0,0,0,0,0,0,0,0,0,0,0,0,0,0,0,0,0,0,0,0,0,0,0,0,0,0,0,0,0,0,0,0,0,0,0,0,0,0,0,0]} 1. e4 c5 2. Nf3 d6 3. d4 cxd4 4. Nxd4 Nf6 5. Nc3 Nc6 6. Bg5 e6 7. Qd2 a6 8. O-O-O Bd7 9. f4 Be7 10. Nf3 b5 {[%cal Bb7b5,Bb5b4][%mdl 32]} 11. Bd3 h6 {B68: Sicilian: Richter-Rauzer: 7...a6 8 0-0-0 Bd7 9 f4 Be7} (11... b4 12. Ne2 Qc7 13. Ned4 Nxd4 14. Nxd4 Qb6 15. Nf3 Ng4 16. Bxe7 Kxe7 17. Rde1 Nf2 18. Rhg1 Nxd3+ 19. Qxd3 Rac8 20. Rd1 {½-½ (38) Nayhebaver,M (2456)-Demchenko,A (2671) Lisbon 2018}) 12. Bh4 b4 13. Ne2 {LiveBook: 7 Games} Qb6 14. f5 e5 15. Bxf6 gxf6 16. g4 $146 {[%cal Bg2g4,Bg4g5][%mdl 32]} ({Predecessor:} 16. Bc4 a5 17. g4 a4 18. Kb1 Rc8 19. Bd5 {0-1 (36) Mithrakanth,P (2360)-Annageldyev,O (2485) Kolkata 1996}) 16... Qc5 17. h4 a5 18. Kb1 a4 19. b3 (19. g5 $14) 19... Na7 $11 20. g5 $1 {[%cal Rg5g6]} Nb5 21. Bxb5 $1 (21. gxh6 Nc3+ 22. Nxc3 bxc3 $17) 21... Bxb5 22. Ng3 (22. gxh6 d5 $15) 22... Rc8 (22... Rg8 $15) 23. gxf6 ({Not} 23. gxh6 $2 axb3 24. cxb3 (24. axb3 $2 Qc3 $19) 24... Qc3 $19) 23... Bxf6 24. Nh5 Be7 25. f6 Bf8 $1 26. Rh2 Bd7 (26... axb3 $11 27. cxb3 (27. axb3 Kd8 $11) 27... Rg8) 27. Rg2 Qc3 28. Qxc3 Rxc3 29. Nd2 Rh3 {[#]} (29... Bb5 $11) 30. Nc4 $1 $16 {aiming for Ng7+.} Rxh4 31. Ng7+ (31. Nxd6+ Bxd6 32. Rgd2 Bg4 $11) 31... Kd8 {[#]} 32. Nxe5 $1 {[%mdl 512]} Be8 {[#]} ({But not} 32... dxe5 $2 33. Rgd2 $18) 33. Nc4 ({Better is} 33. Re2 $1 $16) 33... Rxe4 34. Rgd2 Kc7 35. Nxd6 Bxd6 36. Rxd6 Bc6 37. Nf5 $36 {[%mdl 2048] White has some pressure.} Re6 38. Rxe6 fxe6 $11 {[%mdl 4096] Endgame KRB-KRN} 39. Ng7 Bd5 40. Rd4 axb3 41. axb3 Kd6 42. Rxb4 h5 (42... Ke5 $1 $11) 43. Rh4 $1 $14 Bf3 44. f7 ({White should play} 44. Kb2 $14) 44... Ke7 $11 {The position is equal.} 45. Nxe6 Kxe6 {KRB-KR} 46. Rf4 Rf8 $1 {[%cal Rf8f7]} 47. Rxf3 {Kc1 is the strong threat.} Rxf7 {KR-KR} 48. Rh3 Rh7 $1 49. c4 h4 50. Kc2 Kf5 $1 51. Kc3 Kg4 52. Rh1 h3 53. c5 {Threatens to win with Kc4.} Kf5 54. Kc4 {And now c6 would win.} Ke6 55. Kb5 Rb7+ 56. Kc4 Rh7 57. Rh2 Kd7 58. Kb5 Kc7 59. b4 Rh8 60. Kc4 Rh4+ 61. Kd5 Rh5+ 62. Kc4 Rh4+ 63. Kb5 Rh8 64. Kc4 Rh4+ 65. Kd5 Rh5+ {Precision: White = 60%, Black = 76%.} 1/2-1/2

[Event "1st Gujarat GM Open 2018"]
[Site "Ahmedabad"]
[Date "2018.10.06"]
[Round "2"]
[White "Rahul Srivatshav P"]
[Black "Barath Kalyan M"]
[Result "1-0"]
[WhiteElo "2395"]
[BlackElo "2084"]
[Annotator "TA"]
[PlyCount "81"]
[EventDate "2018.10.05"]
[EventType "swiss"]
[EventCountry "IND"]
[SourceTitle "playchess.com"]
[Source "ChessBase"]
[SourceQuality "1"]

{[%evp 25,80,42,66,37,76,63,139,63,74,55,73,60,57,47,53,52,68,73,123,137,136,138,132,135,134,135,159,160,183,164,163,135,179,175,189,187,214,214,316,316,2401,1686,1573,1566,1433,1431,1431,689,29967,29968,29992,29993,29993,29994,29994,29995,29999]} 1. d4 {Ftacnik,L} Nf6 2. c4 e6 3. Nf3 Bb4+ 4. Bd2 Qe7 5. g3 Nc6 6. Nc3 Bxc3 7. Bxc3 Ne4 8. Rc1 O-O 9. Bg2 Nxc3 10. Rxc3 d6 11. d5 Nd8 12. O-O e5 13. c5 {E11: Bogo-Indian} f5 {[#] LiveBook: 5 Games} 14. Qb3 $146 ({Predecessor:} 14. cxd6 cxd6 15. Qb3 Nf7 16. Rfc1 b6 17. Qa3 a5 18. Rc6 Ba6 19. Qe3 Qd8 20. Nd2 e4 {1-0 (50) Huzman,A (2581)-Markus,R (2555) Mallorca 2004 CBM 104 [Ftacnik,L]}) 14... Nf7 15. Rfc1 {White is better.} f4 (15... b6 $14) 16. Nd2 ({White should try} 16. gxf4 $16 {Threatens to win with cxd6.} exf4 17. cxd6 cxd6 18. Rc7) 16... Qf6 17. cxd6 cxd6 18. Rc7 Qh6 19. Ne4 $36 {[%mdl 2048] White is more active.} Bg4 20. Bf3 fxg3 21. hxg3 Bxf3 22. Qxf3 Ng5 23. Qg4 Nxe4 24. Qxe4 Qf6 25. f3 Qg5 26. Kf2 Qh6 27. Kg2 Qg5 28. R1c4 h5 29. Kf2 b5 30. R4c6 Rf6 {[#]} 31. Rd7 $1 Raf8 (31... Rg6 $142 32. Qh4 (32. Rdxd6 $2 Qxg3+ 33. Ke3 Rg4 $19) 32... Qxh4 33. gxh4 Rf8 34. Rcxd6 (34. Rdxd6 Rxd6 35. Rxd6 e4 $18) 34... Rxd6 35. Rxd6 e4) 32. Rcxd6 $18 ({Much less strong is} 32. Rdxd6 R6f7 $18) 32... Qd2 $2 (32... h4 33. gxh4 Qf4 34. Qxf4 exf4 35. Rxf6 Rxf6 36. Rxa7 Rf5) 33. Rxf6 Rxf6 {[%mdl 4096] Endgame KQR-KQR} 34. Rd8+ Rf8 35. Rxf8+ Kxf8 36. Qxe5 {KQ-KQ} (36. Qf5+ $142 Kg8 37. Qxe5) 36... Qc1 37. d6 {[%cal Bd5d6,Bd6d7][%mdl 32] White mates.} Qh1 38. d7 {[%csl Gd7][%cal Re5e8]} Qh2+ 39. Ke3 {[%csl Gd7][%cal Re5e8]} Qg1+ 40. Kd2 {[%csl Gd7][%cal Re5e8]} Qb6 41. Qe8# {Precision: White = 63%, Black = 44%.} 1-0

[Event "1st Gujarat GM Open 2018"]
[Site "Ahmedabad"]
[Date "2018.10.06"]
[Round "2"]
[White "Rakesh Kumar Jena"]
[Black "Shahil Dey"]
[Result "1-0"]
[WhiteElo "2388"]
[BlackElo "2063"]
[Annotator "TA"]
[PlyCount "31"]
[EventDate "2018.10.05"]
[EventType "swiss"]
[EventCountry "IND"]
[SourceTitle "playchess.com"]
[Source "ChessBase"]
[SourceQuality "1"]

{[%evp 2,2,28]} 1. c4 e6 {Predecessor:} 2. Nc3 $146 Bb4 3. g3 Nf6 4. Bg2 O-O 5. Nf3 d5 6. a3 Be7 7. d4 dxc4 8. Ne5 Nc6 9. Bxc6 bxc6 10. Nxc6 Qe8 11. Nxe7+ Qxe7 12. Qa4 c5 13. dxc5 Qxc5 14. Be3 Qc7 15. Rd1 Nd5 16. Bd4 {1-0 (88) Carlsen,M (2842)-Karjakin,S (2773) Saint Louis 2018} 1-0

[Event "1st Gujarat GM Open 2018"]
[Site "Ahmedabad"]
[Date "2018.10.06"]
[Round "2"]
[White "Siva Mahadevan"]
[Black "Sudhanshu Ranjan"]
[Result "1-0"]
[WhiteElo "2341"]
[BlackElo "2060"]
[Annotator "TA"]
[PlyCount "73"]
[EventDate "2018.10.05"]
[EventType "swiss"]
[EventCountry "IND"]
[SourceTitle "playchess.com"]
[Source "ChessBase"]
[SourceQuality "1"]

{[%evp 14,73,22,0,7,0,47,16,18,37,33,12,21,28,139,134,124,129,170,172,329,326,376,95,100,100,223,200,202,200,261,-386,985,983,900,203,261,261,260,260,248,248,260,266,968,968,1191,1182,1553,1517,1370,1231,2131,2218,1812,5160,6638,6319,5135,5125,5069,2107]} 1. e4 c5 2. Nf3 Nc6 3. Nc3 e5 4. Bc4 d6 5. d3 Be7 6. O-O Nf6 7. Ng5 O-O 8. f4 Bg4 {B30: Sicilian: 2...Nc6 3 Bb5, lines without ...g6} 9. Qe1 Nd4 (9... exf4 10. Bxf4 Nd4 11. Qf2 h6 12. Nf3 Nxf3+ 13. gxf3 Bh3 14. Kh1 Nh5 15. Be3 Bh4 16. Qe2 Bxf1 17. Qxf1 {0-1 (51) Vachier Lagrave,M (2804)-Yu,Y (2729) Doha 2016}) 10. fxe5 dxe5 {The position is equal.} 11. Qh4 h5 $1 12. h3 Be6 $1 {[%cal Re6c4]} (12... Nxc2 $2 13. hxg4 Nxa1 14. Nxf7 $18) 13. Nxe6 Nxe6 $146 (13... fxe6 $11 14. Qg3 Nxc2) ({Predecessor:} 13... fxe6 14. Bg5 Qd7 15. Bxf6 Bxf6 16. Qxh5 Nxc2 17. Qg4 Kf7 18. Qh5+ {½-½ (18) Ponting,A (1902)-Def,P (1880) LSS email 2010}) 14. Qg3 $16 Qd6 15. Be3 $36 {[%mdl 2048] White has strong initiative.} Nd4 16. Rf2 Kh7 $2 (16... h4 17. Qxh4 Nd5) 17. Raf1 $18 a6 18. Nd5 $2 (18. Qh4 $18 {is more deadly.}) 18... Nxd5 $16 19. Bxd5 {[#] c3 is the strong threat.} Qg6 (19... f5 $16 20. Bxd4 exd4 21. Qxd6 Bxd6 22. Rxf5 Rxf5 23. Rxf5 g6) 20. Qxg6+ fxg6 21. c3 ({Resist} 21. Bxb7 $6 Rxf2 22. Bxf2 (22. Rxf2 Rb8 $16) 22... Rb8 $16) 21... Nc6 22. Rf5 $4 {[%mdl 8192]} (22. Rxf8 $18 {and all is fine.} Rxf8 23. Rxf8 Bxf8 24. Bg5) 22... Rf7 $4 {[%mdl 8192]} (22... gxf5 $19 23. exf5 h4) 23. Rxf7 $18 Re8 24. Rf8 $2 (24. Bxc6 bxc6 25. g3) 24... Rxf8 25. Rxf8 Bxf8 {[%mdl 4096] Endgame KBB-KBN} 26. Bg5 Bd6 27. Kf2 Bc7 28. h4 {[%cal Bh3h4,Bh4g5][%mdl 32]} Bd8 $2 (28... Bd6 29. Kf3 Bc7) 29. Bxc6 {White is clearly winning.} Bxg5 30. hxg5 {[#] Threatening mate with Bd5.} bxc6 {KP-KP} 31. Ke3 Kg8 32. d4 exd4+ 33. cxd4 cxd4+ 34. Kxd4 Kf7 35. Kc5 Ke6 36. Kxc6 Ke5 37. Kb6 {Precision: White = 63%, Black = 24%.} 1-0

[Event "1st Gujarat GM Open 2018"]
[Site "Ahmedabad"]
[Date "2018.10.06"]
[Round "2"]
[White "Konguvel, Ponnuswamy"]
[Black "Tarun Kanyamarala"]
[Result "0-1"]
[WhiteElo "2325"]
[BlackElo "2046"]
[Annotator "TA"]
[PlyCount "76"]
[EventDate "2018.10.05"]
[EventType "swiss"]
[EventCountry "IND"]
[SourceTitle "playchess.com"]
[Source "ChessBase"]
[SourceQuality "1"]

{[%evp 24,76,14,0,10,0,0,0,0,-15,13,13,13,13,13,0,14,17,16,22,47,20,30,-67,-88,-126,-134,-122,-121,-144,-79,-293,-324,-267,-343,-352,-345,-893,-876,-1038,-1056,-1982,-1899,-1758,-1036,-29992,-29987,-29987,-29987,-29987,-29988,-29988,-29989,-29988,-1681]} 1. e4 c5 2. Nf3 d6 3. d4 cxd4 4. Nxd4 Nf6 5. Nc3 Nc6 6. Bc4 e6 7. Be3 a6 8. Qe2 Qc7 9. O-O-O Na5 10. Bd3 b5 11. a3 Rb8 {B89: Sizilianisch (Sosin-Angriff)} (11... Be7 12. g4 Rb8 13. g5 Nd7 14. f4 Nb6 15. Nf5 exf5 16. exf5 Bb7 17. Bxb6 Qxb6 18. f6 O-O 19. Qh5 {1-0 (27) Hou,Y (2629)-Kosteniuk,A (2527) Beijing 2013}) 12. g4 Nd7 {[%cal Bf6d7,Bd7c5,Bc5d3][%mdl 32]} 13. f4 {LiveBook: 9 Partien} Nc5 {Die Stellung ist ausgeglichen.} 14. Bd2 $146 ({Vorgänger:} 14. Rhe1 Qb7 15. b4 Nxd3+ 16. cxd3 Nc6 17. Nxc6 Qxc6 18. Bd4 Be7 19. Bxg7 {0-1 (53) Joutsi,J (2303)-Oikamo,T (2515) ICCF email 2007}) 14... Nxd3+ 15. Qxd3 Nc4 16. Rhe1 Be7 17. Nf5 O-O ({Ein No Go ist} 17... exf5 18. Nd5 $16) 18. Nxe7+ Qxe7 19. g5 Bb7 20. f5 {[%cal Bf4f5,Bf5f6][%mdl 32]} Rfc8 {[#]} 21. f6 $1 {[%mdl 512]} Qf8 (21... gxf6 22. gxf6) 22. Bf4 {[%cal Rf4d6]} e5 23. Be3 (23. Bd2 $11) 23... a5 $1 $15 24. Ba7 Ra8 25. Bf2 b4 {[%cal Bb5b4,Bb4b3][%mdl 32]} 26. Nb1 {[#]} Ba6 $1 27. Qd5 $2 {[#]} (27. Qh3 $17) 27... Rab8 $1 $19 28. a4 b3 29. c3 Qe8 30. Rg1 $2 (30. g6 hxg6 31. Rg1) 30... g6 ({Jedoch nicht} 30... Qxa4 $2 31. g6 $18) 31. Qd3 Qxa4 32. Be1 Qa1 {[%csl Gc4][%cal Ra1b2]} 33. Rg2 Na3 34. Qh3 Qxb1+ {Schwarz setzt Matt.} 35. Kd2 Qc2+ 36. Ke3 Nc4+ 37. Kf3 Qxd1+ 38. Kf2 Qh5 {Precision: Weiß = 22%, Schwarz = 86%.} (38... Nxb2 $142 39. c4 Nd3+ 40. Ke3 Nxe1 41. Rd2 Nc2+ 42. Kf2 Qxd2+ 43. Kg3 Rxc4 44. Qg4 Rc3+ 45. Qf3 Rxf3+ 46. Kxf3 Qxh2 47. Kg4 Be2#) 0-1

[Event "1st Gujarat GM Open 2018"]
[Site "Ahmedabad"]
[Date "2018.10.06"]
[Round "2"]
[White "Raahul V S"]
[Black "Rajarshi Dutta"]
[Result "1/2-1/2"]
[WhiteElo "2294"]
[BlackElo "2026"]
[Annotator "TA"]
[PlyCount "39"]
[EventDate "2018.10.05"]
[EventType "swiss"]
[EventCountry "IND"]
[SourceTitle "playchess.com"]
[Source "ChessBase"]
[SourceQuality "1"]

{[%evp 14,39,18,21,60,60,62,50,62,62,66,80,77,74,82,57,72,70,92,89,97,92,102,70,72,55,66,72]} 1. c4 e6 2. g3 d5 3. Bg2 c6 4. Qc2 Nf6 5. Nf3 Nbd7 6. O-O Bd6 7. d4 O-O 8. Nc3 b6 {E01: Catalan: Early deviations} 9. e4 dxe4 10. Ng5 Bb7 11. Ngxe4 Be7 12. Bf4 Nxe4 13. Nxe4 Nf6 14. Rad1 {[#]} h6 $146 ({Predecessor:} 14... Re8 15. Rfe1 Nxe4 16. Bxe4 h6 17. h4 Qd7 18. c5 Rad8 19. Qb3 bxc5 20. dxc5 Qc8 {1-0 (42) Likavsky,T (2397)-Volkov,S (2582) Bydgoszcz 2000}) 15. c5 Nxe4 16. Bxe4 Qd7 17. Qb3 Bd8 18. Rfe1 Bc7 19. Be5 Rfd8 20. Qf3 {Precision: White = 96%, Black = 47%.} 1/2-1/2

[Event "1st Gujarat GM Open 2018"]
[Site "Ahmedabad"]
[Date "2018.10.06"]
[Round "2"]
[White "Aaryan Varshney"]
[Black "Arfan, Aditya Bagus"]
[Result "1-0"]
[WhiteElo "2286"]
[BlackElo "2018"]
[Annotator "TA"]
[PlyCount "67"]
[EventDate "2018.10.05"]
[EventType "swiss"]
[EventCountry "IND"]
[SourceTitle "playchess.com"]
[Source "ChessBase"]
[SourceQuality "1"]

{[%evp 18,67,32,20,26,21,18,11,19,6,12,8,28,9,60,55,56,48,55,54,69,27,93,89,98,89,93,106,142,78,75,0,111,99,179,154,210,196,172,212,435,438,662,642,662,661,657,615,5705,3140,29990,29991]} 1. d4 Nf6 2. Nf3 d5 3. c4 c6 4. Nc3 a6 5. e3 b5 6. b3 Bg4 7. Be2 Nbd7 8. O-O e6 9. h3 Bh5 10. Bb2 Be7 {D15: Slav Defence: 4 Nc3 a6 and gambit lines after 4 Nc3 dxc4} (10... Bd6 11. c5 Be7 12. Ne5 Bxe2 13. Nxe2 Qc7 14. a4 O-O 15. Nd3 a5 16. b4 Rfb8 17. axb5 Rxb5 18. Bc3 Qb7 19. Rxa5 Rbxa5 20. bxa5 {1-0 (31) Radjabov,T (2724)-Laznicka,V (2679) Dubai 2014}) 11. Ne5 {Black must now prevent Nxd7.} (11. Rc1 {looks sharper.} bxc4 12. bxc4 O-O 13. Ba1 Qb8 14. Na4) 11... Bxe2 12. Qxe2 Nxe5 {The position is equal.} 13. dxe5 Nd7 14. cxd5 cxd5 15. Rfd1 Qc7 $146 ({Better is} 15... O-O $11) ({Predecessor:} 15... b4 16. Na4 Qc7 17. e4 dxe4 18. Qxe4 {1-0 (29) Bennborn,J (2497)-Bley,M (2347) ICCF email 2004}) 16. Rac1 $36 {[%mdl 2048] White is pushing.} Qb7 $1 17. e4 {[%cal Re4d5]} d4 $1 {[%cal Rd4c3]} 18. Nb1 Bc5 19. Kh1 Qa7 (19... O-O $11) 20. f4 $16 O-O 21. Nd2 d3 22. Qxd3 Be3 23. Qd6 (23. Rc6 $142) 23... Bc5 24. Qd3 (24. Bd4 $5 {[%cal Rd4c5]} Bxd6 25. Bxa7 $16) 24... Be3 25. g3 g5 (25... Rfd8 $16) 26. f5 Rad8 {[#]} (26... Rfd8 $16) 27. Qe2 $1 $18 exf5 28. exf5 {[%cal Be4f5,Bf5f6][%mdl 32] Rc2 is the strong threat.} Nxe5 $2 (28... Rfe8) 29. Bxe5 {Strongly threatening Ne4.} Rfe8 (29... Rd5 $142 30. Nf3 Rxe5) 30. Ne4 Rxd1+ 31. Rxd1 Rxe5 32. Qb2 {Threatening mate with Rd8+.} Qe7 33. f6 Qe8 {[#]} 34. Qxe5 $1 {[%mdl 512] Precision: White = 71%, Black = 39%.} 1-0

[Event "1st Gujarat GM Open 2018"]
[Site "Ahmedabad"]
[Date "2018.10.06"]
[Round "2"]
[White "Pranav Anand"]
[Black "Deota Snehil S"]
[Result "1-0"]
[WhiteElo "2269"]
[BlackElo "1929"]
[Annotator "TA"]
[PlyCount "115"]
[EventDate "2018.10.05"]
[EventType "swiss"]
[EventCountry "IND"]
[SourceTitle "playchess.com"]
[Source "ChessBase"]
[SourceQuality "1"]

{[%evp 20,115,4,0,0,0,5,3,9,6,100,70,73,93,102,86,85,75,92,52,54,47,59,69,60,52,111,51,97,102,92,90,104,103,119,119,114,105,112,112,223,234,218,229,356,367,582,580,724,723,712,629,1216,1247,1250,1272,1235,1228,1157,1065,934,902,839,800,1283,1218,1241,1142,12837,12837,12837,12837,12837,12837,12832,2493,12842,12843,12843,12843,12844,12844,12845,12845,12845,12846,12846,12847,12847,12847,12848,12848,12849,12849,29997,29997,29998,29999]} 1. d4 Nf6 2. c4 e6 3. Nf3 d5 4. g3 Be7 5. Bg2 O-O 6. O-O dxc4 7. Qa4 a6 8. Qxc4 b5 9. Qc2 Bb7 10. Bd2 Be4 11. Qc1 c6 {E05: Open Catalan: 5 Nf3 Be7} 12. a4 (12. Rd1 Nbd7 13. Nc3 Bg6 14. Bg5 Rc8 15. a3 a5 16. h4 h6 17. Bxf6 Bxf6 18. Qe3 Qb6 19. Ne4 {½-½ (28) Kramnik,V (2787)-So,W (2792) Wijk aan Zee 2018}) 12... Nbd7 13. Nc3 Bg6 {The position is equal.} 14. Nh4 {[#]} b4 $146 (14... Bh5 $11) ({Predecessor:} 14... Bh5 15. axb5 axb5 16. Nf3 Qb6 17. e3 Rac8 18. Qb1 c5 19. dxc5 Nxc5 20. b4 Na6 21. Ra5 Nxb4 22. Rxb5 Qd8 23. Rd1 Rb8 24. Be1 {½-½ (24) Smirin,I (2655)-Lysyj,I (2671) Poikovsky 2015}) 15. Nxg6 $16 hxg6 16. Na2 $1 {[%cal Ra2b4]} a5 17. Qxc6 Rc8 18. Qb5 Qb6 19. Qd3 Rfd8 20. Be3 Nd5 21. Bxd5 exd5 22. Rac1 Nf6 (22... Ra8 $14) 23. f3 (23. Rxc8 $16 Rxc8 24. Rc1) 23... Ne8 24. Rxc8 Rxc8 25. Rc1 Rxc1+ 26. Nxc1 Nd6 27. b3 Nf5 {[#]} 28. Bf2 $1 Qc6 29. Qd2 Qc3 {[#]} (29... Bf6 $16) 30. Qxc3 $1 $18 bxc3 {[%mdl 4096] Endgame KBN-KBN} 31. g4 Bg5 (31... Nd6 {was worth a try.} 32. Kf1 f5) 32. Na2 c2 (32... Ne3 $142 33. Nxc3 Kf8) 33. gxf5 c1=Q+ 34. Nxc1 Bxc1 35. fxg6 fxg6 {KB-KB} 36. Be1 Be3+ 37. Kg2 Bxd4 38. Bxa5 Kf7 39. Kg3 Ke6 40. Kg4 Be3 41. Bc7 Bd2 42. Bf4 Bb4 43. Be3 Bd6 44. a5 {[%cal Ba4a5,Ba5a6,Ba6a7][%mdl 32]} Kd7 45. a6 Kc6 46. a7 Kb7 47. Kg5 Bxh2 48. f4 Bg3 49. Bd4 Ka8 50. e3 Kb7 51. Kxg6 Bh4 52. Kxg7 {Intending f5 and mate.} Bd8 53. f5 {White wants to mate with f6.} Be7 54. f6 Bd6 55. f7 Be7 56. f8=Q Kc6 57. Qc8+ Kb5 58. Qb7+ {Precision: White = 80%, Black = 38%.} 1-0